00549nam a2200193 i 450000100060000000300090000600500170001500700030003200800410003508000130007610000270008924500430011626000500015930000380020949000300024765100250027783000300030285200230033210517ES-MaACL20230906145913.0t|950823s1954 sp f |||| | spa d a9(642.8)1 aFlores Morales, Angel.10aTánger / cpor Angel Flores Morales. aMadrid : bPublicaciones Españolas, c1954. a29 p.,[4] p. de lám. ; c24 cm.1 aTemas españoles ; v135 4aTánger-xHistoria.0 aTemas españoles ; v135 aES-MaACLjL-17826